| 000 | 07688cam a22019934i 4500 | ||
|---|---|---|---|
| 003 | PE-LiUPU | ||
| 005 | 20250813165728.0 | ||
| 008 | 150623s2009 ag a rb 001 0 spa d | ||
| 020 | _a9789500617000 | ||
| 020 | _a9789500617017 | ||
| 020 | _a9789500617024 | ||
| 020 | _a9789500617031 | ||
| 035 | _a(Sirsi) i9789500617000 | ||
| 040 |
_aCO-BoBLA _bspa _cCO-BoBLA _dPE-LiUPU _erda |
||
| 041 | 1 |
_aspa _heng |
|
| 049 | _aPRUA | ||
| 082 | 0 | 4 |
_a616.5 _bF58 _219 |
| 100 | 1 |
_aFitzpatrick, Thomas B., _eautor. |
|
| 245 | 1 | 0 |
_aFitzpatrick : _bdermatología en medicina general. _nTomo 4 / _cdirectores Klaus Wolff [y otros cinco]. |
| 250 | _a7a edición. | ||
| 264 | 1 |
_aBuenos Aires : _bEditorial Médica Panamericana, _c2009. |
|
| 300 |
_a4 tomos : _bilustraciones : _c28 centímetros |
||
| 336 |
_atext _2rdacontent |
||
| 337 |
_aunmediated _2rdamedia |
||
| 338 |
_avolume _2rdacarrier |
||
| 504 | _aBibliografía al final de cada sección. | ||
| 504 | _aIndice analítico : tomo 4 (páginas l-1; l-76). | ||
| 505 | 0 | 0 |
_gTomo1. _tConsideraciones generales -- Enfoque del diagnóstico dermatológico -- Generalidades de la biología, el desarrollo y la estructura de la piel -- Transtornos inflamatorios basados en la reactividad y la desregulación de los linfocitos T -- Enfermedades inflamatorias basadas en los neutrófilos y los eosinófilos -- Enfermedades inflamatorias desencadenadas por reactividad humoral anormal y otras enfermedades inflamatorias -- Transtornos de la diferenciación y la queratinización epidérmicas -- Transtornos de la cohesión epidérmica y dermoepidérmica, y transtornos vesiculares y ampollares -- Transtornos del tejido conectivo de la dermis -- Transtornos del tejido subcutáneo -- Transtornos de los melanocitos -- Afecciones de las mucosas oral y genital -- _gTomo 2. _tTranstornos de las glándulas sebáceas -- Transtornos de las glándulas ecrinas y apocrinas -- Transtornos secundarios a radiación ultravioleta -- Alteraciones de la piel debidas a otros factores físicos y químicos -- Enfermedades neurocutáneas y psicocutáneas -- desde el nacimiento hasta la vejez -- Carcinogénesis -- Tumores de la epidérmis y de los anexos cutáneos -- Tumores melanocíticos -- Tumores e hiperplasias de la dermis y el tejido graso subcutáneo -- _gTomo 3. _t La piel en las enfermedades nutricionales, metabólicas y hereditarias -- Manifestaciones cutáneas de los transtornos de la sangre y de la médula ósea -- Manifestaciones cutáneas de transtornos de órganos internos -- La piel en los transtornos de los tejidos conjuntivo y vascular y otras afecciones autoinmunitarias -- La piel en los trantornos inflamatorios y otros transtornos vasculares -- Enfermedades bacterianas -- Infecciones fúngica (micosis) -- Enfermedades virales y rickettsias -- Enfermedades de transmisión sexual -- Infestaciones, mordeduras y picaduras -- _gTomo 4. _t Enfermedades cutáneas ocupacionales -- La piel en el bioterrorismo y la guerra biológica -- Tratamiento tópico -- Tratamiento sistémico -- Tratamientos físicos -- Dermatología complementaria y alternativa -- Cirugía en dermatología -- Dermatología cosmética. |
| 526 | _aP203 | ||
| 526 | _aP200 | ||
| 526 | _aSEG65 | ||
| 526 | _aSEG64 | ||
| 526 | _aSEG63 | ||
| 526 | _aSEG62 | ||
| 526 | _aSEG61 | ||
| 526 | _aSEG60 | ||
| 526 | _aSEG59 | ||
| 526 | _aSEG58 | ||
| 526 | _aSEG57 | ||
| 526 | _aSEG56 | ||
| 526 | _aSEG55 | ||
| 526 | _aSEG54 | ||
| 526 | _aSEG53 | ||
| 526 | _aSEG52 | ||
| 526 | _aSEG51 | ||
| 526 | _aSEG50 | ||
| 526 | _aSEG49 | ||
| 526 | _aSEG48 | ||
| 526 | _aSEG47 | ||
| 526 | _aSEG46 | ||
| 526 | _aSEG24 | ||
| 526 | _aSEG23 | ||
| 526 | _aSEG22 | ||
| 526 | _aSEG21 | ||
| 526 | _aSEG20 | ||
| 526 | _aSEG19 | ||
| 526 | _aSEG18 | ||
| 526 | _aSEG17 | ||
| 526 | _aSEG16 | ||
| 526 | _aSEG14 | ||
| 526 | _aSEG13 | ||
| 526 | _aSEG12 | ||
| 526 | _aSEG11 | ||
| 526 | _aSEG10 | ||
| 526 | _aSEG09 | ||
| 526 | _aSEG06 | ||
| 526 | _aSEG05 | ||
| 526 | _aSEG04 | ||
| 526 | _aSEG03 | ||
| 526 | _aSEG02 | ||
| 526 | _aSEG68 | ||
| 526 | _aSEG66 | ||
| 526 | _aSEG45 | ||
| 526 | _aSEG25 | ||
| 526 | _aSEG01 | ||
| 526 | _aP163 | ||
| 526 | _aP162 | ||
| 526 | _aP161 | ||
| 526 | _aP160 | ||
| 526 | _aP159 | ||
| 526 | _aP158 | ||
| 526 | _aP157 | ||
| 526 | _aP156 | ||
| 526 | _aP155 | ||
| 526 | _aP154 | ||
| 526 | _aP153 | ||
| 526 | _aP152 | ||
| 526 | _aP151 | ||
| 526 | _aP150 | ||
| 526 | _aP149 | ||
| 526 | _aP142 | ||
| 526 | _aP141 | ||
| 526 | _aP140 | ||
| 526 | _aP139 | ||
| 526 | _aP138 | ||
| 526 | _aP137 | ||
| 526 | _aP132 | ||
| 526 | _aP131 | ||
| 526 | _aP130 | ||
| 526 | _aP126 | ||
| 526 | _aP125 | ||
| 526 | _aP124 | ||
| 526 | _aP123 | ||
| 526 | _aP115 | ||
| 526 | _aP122 | ||
| 526 | _aP121 | ||
| 526 | _aP116 | ||
| 526 | _a P114 | ||
| 526 | _aP112 | ||
| 526 | _aP111 | ||
| 526 | _aP104 | ||
| 526 | _aP103 | ||
| 526 | _aP102 | ||
| 526 | _aP101 | ||
| 526 | _aP100 | ||
| 526 | _aP96 | ||
| 526 | _aP95 | ||
| 526 | _aP93 | ||
| 526 | _aP92 | ||
| 526 | _aP91 | ||
| 526 | _aP88 | ||
| 526 | _aP83 | ||
| 526 | _aP82 | ||
| 526 | _aP79 | ||
| 526 | _aP78 | ||
| 526 | _aP75 | ||
| 526 | _aP74 | ||
| 526 | _aP71 | ||
| 526 | _aP69 | ||
| 526 | _a P51 | ||
| 526 | _aP49 | ||
| 526 | _aP48 | ||
| 526 | _aP47 | ||
| 526 | _aP33 | ||
| 526 | _aP31 | ||
| 526 | _a P30 | ||
| 526 | _aP29 | ||
| 526 | _aP27 | ||
| 526 | _aP26 | ||
| 526 | _aP25 | ||
| 526 | _aP24 | ||
| 526 | _a P22 | ||
| 526 | _aP10 | ||
| 526 | _aP09 | ||
| 526 | _a P08 | ||
| 526 | _aP06 | ||
| 526 | _aP05 | ||
| 526 | _aP04 | ||
| 526 | _aP01 | ||
| 534 |
_pTítulo original : _tFitzpatrick's dermatology in general medicine. |
||
| 541 | _g001-0022659; | ||
| 650 | 4 |
_aDermatología _vAtlas. |
|
| 650 | 4 |
_aEnfermedades de la piel _vAtlas. |
|
| 650 | 4 |
_aEnfermedades de la piel _xClasificación. |
|
| 650 | 4 |
_aEnfermedades de la piel _xTratamiento. |
|
| 700 | 1 |
_aWolff, Klaus. _edirector. |
|
| 910 |
_aaas _bjck _caas _d20150623 |
||
| 942 |
_2ddc _cBOOK |
||
| 949 |
_a616.5 F58 1 _wDEWEY _c1 _i71233 _d2016-6-13 _e2016-6-6 _lCCODEBUL1 _mBUL _n3 _p180.77 _r0 _sY _tBOOK _u2015-6-23 _xSALUD _PP30 _0COMPRA _o.STAFF. Colección General |
||
| 949 |
_a616.5 F58 2 _wDEWEY _c1 _i71234 _d2016-6-19 _e2016-6-15 _lCCODEBUL1 _mBUL _n4 _p180.77 _r0 _sY _tBOOK _u2015-6-23 _xSALUD _PP30 _0COMPRA _o.STAFF. Colección General |
||
| 949 |
_a616.5 F58 3 _wDEWEY _c1 _i71235 _d2016-6-20 _e2016-6-15 _lCCODEBUL1 _mBUL _n2 _p180.77 _r0 _sY _tBOOK _u2015-6-23 _xSALUD _PP30 _0COMPRA _o.STAFF. Colección General |
||
| 949 |
_a616.5 F58 4 _wDEWEY _c1 _i71236 _lCCODEBUL1 _mBUL _p180.77 _r0 _sY _tBOOK _u2015-6-23 _xSALUD _PP30 _0COMPRA _o.STAFF. Colección General |
||
| 994 |
_aC0 _bPEPRU |
||
| 596 | _a1 | ||
| 999 |
_a616.5 F58 1 _wDEWEY _c48948 _i71233 _d48948 _e2022-6-8 _f2021-11-4 _g5 _lCCODEBUL1 _mBUL _n8 _p180.77 _q1 _r0 _sY _tBOOK _u2015-6-23 _xSALUD _PP30 _0COMPRA _o.STAFF. Colección Ciencias de la Salud |
||
| 999 |
_a616.5 F58 2 _wDEWEY _c1 _i71234 _d2018-2-23 _e2018-2-20 _f2021-11-4 _g5 _lCCODEBUL1 _mBUL _n5 _p180.77 _r0 _sY _tBOOK _u2015-6-23 _xSALUD _PP30 _0COMPRA _o.STAFF. Colección Ciencias de la Salud |
||
| 999 |
_a616.5 F58 3 _wDEWEY _c1 _i71235 _d2019-6-11 _e2019-6-10 _f2021-11-4 _g5 _lCCODEBUL1 _mBUL _n5 _p180.77 _q2 _r0 _sY _tBOOK _u2015-6-23 _xSALUD _PP30 _0COMPRA _o.STAFF. Colección Ciencias de la Salud |
||
| 999 |
_a616.5 F58 4 _wDEWEY _c1 _i71236 _d2019-6-11 _e2019-6-6 _f2021-11-4 _g5 _lCCODEBUL1 _mBUL _n3 _p180.77 _r0 _sY _tBOOK _u2015-6-23 _xSALUD _PP30 _0COMPRA _o.STAFF. Colección General |
||
| 980 |
_81 _gALBERTO SANCHEZ Responsable de Automatización |
||